[Event "Ruhrgebiet Verbandsklasse Gruppe 1 1718"]
[Site "Germany"]
[Date "2018.01.14"]
[Round "5.6"]
[White "Pustelny Conrad, Dieter"]
[Black "Sehrbrock, Christoph"]
[Result "1/2-1/2"]
[WhiteElo "1942"]
[BlackElo "1808"]
[PlyCount "129"]
[EventDate "2017.09.17"]
[EventType "team-tourn"]
[EventRounds "9"]
[EventCountry "GER"]
[SourceTitle "EXT 2022"]
[Source "ChessBase"]
[SourceDate "2021.10.06"]
[SourceVersion "1"]
[SourceVersionDate "2021.10.06"]
[SourceQuality "1"]
[WhiteTeam "Wattenscheid SV III"]
[BlackTeam "Waltrop SV"]
[WhiteTeamCountry "GER"]
[BlackTeamCountry "GER"]

1. e4 c6 2. d4 d5 3. exd5 cxd5 4. c4 Nf6 5. Nc3 Nc6 6. Nf3 Bg4 7. cxd5 Nxd5 8. Qb3 Bxf3 9. gxf3 e6 10. Qxb7 Nxd4 11. Bb5+ Nxb5 12. Qxb5+ Qd7 13. Qxd7+ Kxd7 14. Nxd5 exd5 15. Be3 Bb4+ 16. Ke2 a6 17. Rhg1 g6 18. Rac1 Rac8 19. Kd3 Bd6 20. h3 Be5 21. b3 Bb2 22. Rxc8 Rxc8 23. Rg4 Rc3+ 24. Kd2 Rc6 25. Ra4 Rf6 26. Ke2 Re6 27. Kd3 Rc6 28. Bd4 Bc1 29. Rb4 Bf4 30. a4 Bd6 31. Rb7+ Rc7 32. Rxc7+ Kxc7 33. Bc3 Bc5 34. Be1 Kd6 35. b4 Bb6 36. f4 Ke6 37. a5 Ba7 38. Bc3 Kd6 39. Bd4 Bxd4 40. Kxd4 Kc6 41. Ke5 f6+ 42. Kd4 Kb5 43. Kxd5 Kxb4 44. Ke6 Kxa5 45. Kxf6 Kb5 46. Kg7 a5 47. Kxh7 a4 48. Kxg6 a3 49. f5 a2 50. f6 a1Q 51. h4 Qg1+ 52. Kf7 Qg4 53. Kf8 Qxh4 54. f7 Qxf2 55. Kg8 Qg3+ 56. Kh8 Qh4+ 57. Kg7 Qg5+ 58. Kh7 Qf6 59. Kg8 Qg6+ 60. Kh8 Qf6+ 61. Kg8 Qe6 62. Kh8 Qc8+ 63. Kg7 Qd7 64. Kg8 Qe6 65. Kh8 1/2-1/2

[Event "Ruhrgebiet Regionalliga 1516"]
[Site "Germany"]
[Date "2016.05.01"]
[Round "9.6"]
[White "Boehm, Malte"]
[Black "Pustelny Conrad, Dieter"]
[Result "1/2-1/2"]
[WhiteElo "1979"]
[BlackElo "1933"]
[PlyCount "140"]
[EventDate "2015.09.13"]
[EventType "team-tourn"]
[EventRounds "9"]
[EventCountry "GER"]
[SourceTitle "EXT 2022"]
[Source "ChessBase"]
[SourceDate "2021.10.06"]
[SourceVersion "1"]
[SourceVersionDate "2021.10.06"]
[SourceQuality "1"]
[WhiteTeam "Brackel SF"]
[BlackTeam "Wattenscheid SV II"]
[WhiteTeamCountry "GER"]
[BlackTeamCountry "GE2"]

1. e4 c5 2. Nc3 Nc6 3. g3 d6 4. Bg2 e5 5. Nge2 Be6 6. 0-0 Qd7 7. Nd5 0-0-0 8. c3 f5 9. d3 Nf6 10. Bd2 fxe4 11. dxe4 Bh3 12. Qa4 Bxg2 13. Kxg2 Qf7 14. Nxf6 gxf6 15. c4 h5 16. h4 Bh6 17. Rad1 f5 18. Qc2 Bxd2 19. Rxd2 f4 20. Qd3 Rhf8 21. Ng1 Nd4 22. Nh3 Qd7 23. Ng5 Rf6 24. gxf4 Rxf4 25. Qh3 Rg4+ 26. Kh2 Rf8 27. f3 Rgf4 28. Qxd7+ Kxd7 29. Kg3 Rg8 30. Kh3 a6 31. Rd3 Kc6 32. Rf2 Ra8 33. Rg2 b5 34. b3 bxc4 35. bxc4 Rb8 36. Ra3 Rb6 37. Kg3 Kb7 38. Nh3 Rf7 39. Ng5 Rf8 40. Nh7 Rg8+ 41. Kh3 Rxg2 42. Kxg2 Rb2+ 43. Kh3 Ne6 44. Rb3+ Rxb3 45. axb3 Kb6 46. Nf6 Nf4+ 47. Kg3 Ka5 48. Nd5 Nxd5 49. cxd5 c4 50. bxc4 Kb4 51. f4 exf4+ 52. Kxf4 Kxc4 53. Kf5 a5 54. e5 a4 55. exd6 a3 56. d7 a2 57. d8Q a1Q 58. d6 Kd5 59. Qe7 Qd1 60. Kg5 Qg4+ 61. Kh6 Kc6 62. Qf6 Kd7 63. Qe7+ Kc6 64. Qd8 Qf5 65. Qc7+ Kb5 66. Qd8 Kc6 67. Qe7 Qg4 68. Qc7+ Kd5 69. d7 Qe6+ 70. Kxh5 Qf5+ 1/2-1/2

[Event "Ruhrgebiet Verbandsliga Gruppe 2 1516"]
[Site "Germany"]
[Date "2015.11.29"]
[Round "4.5"]
[White "Pustelny Conrad, Dieter"]
[Black "Bauch, Ralf"]
[Result "0-1"]
[WhiteElo "1927"]
[BlackElo "1944"]
[PlyCount "76"]
[EventDate "2015.09.06"]
[EventType "team-tourn"]
[EventRounds "9"]
[EventCountry "GER"]
[SourceTitle "EXT 2022"]
[Source "ChessBase"]
[SourceDate "2021.10.06"]
[SourceVersion "1"]
[SourceVersionDate "2021.10.06"]
[SourceQuality "1"]
[WhiteTeam "Wattenscheid SV III"]
[BlackTeam "Brambauer"]
[WhiteTeamCountry "GER"]
[BlackTeamCountry "GER"]

1. c4 b6 2. Nc3 Bb7 3. e4 c5 4. d4 cxd4 5. Qxd4 Nc6 6. Qd1 g6 7. Be3 Bg7 8. Qd2 Rc8 9. Rc1 Nf6 10. f3 h5 11. Nge2 d6 12. Nd4 Ne5 13. Nd5 0-0 14. Be2 Ba6 15. b3 Nxd5 16. cxd5 Rxc1+ 17. Qxc1 Bxe2 18. Kxe2 Qd7 19. Nc6 Kh7 20. Qc2 Rc8 21. Rc1 e6 22. Kf1 exd5 23. exd5 Re8 24. Bf2 Nxf3 25. gxf3 Qh3+ 26. Kg1 Qxf3 27. Qd1 Re2 28. Qf1 Rxa2 29. Qg2 Qxb3 30. Qe4 Ra4 31. Bd4 Bxd4+ 32. Nxd4 Qb2 33. Rd1 Ra2 34. Qf3 Kg8 35. Nc6 Qxh2+ 36. Kf1 Qh4 37. Rd4 Ra1+ 38. Ke2 Qe1+ 0-1

[Event "Ruhrgebiet Verbandsliga Gruppe 2 1516"]
[Site "Germany"]
[Date "2015.09.20"]
[Round "2"]
[White "Gockel, Mirco"]
[Black "Pustelny Conrad, Dieter"]
[Result "1-0"]
[WhiteElo "1955"]
[BlackElo "1927"]
[PlyCount "95"]
[EventDate "2015.09.06"]
[EventType "team-tourn"]
[EventRounds "9"]
[EventCountry "GER"]
[SourceTitle "EXT 2022"]
[Source "ChessBase"]
[SourceDate "2021.10.06"]
[SourceVersion "1"]
[SourceVersionDate "2021.10.06"]
[SourceQuality "1"]
[WhiteTeam "Essen Werden"]
[BlackTeam "Wattenscheid SV III"]
[WhiteTeamCountry "GER"]
[BlackTeamCountry "GER"]

1. c4 e5 2. g3 Nc6 3. Bg2 Bc5 4. e3 Nf6 5. Nc3 d6 6. Nge2 0-0 7. 0-0 Qd7 8. d4 Bb6 9. h3 Qf5 10. d5 Ne7 11. Na4 Qh5 12. Nec3 Bd7 13. Qxh5 Nxh5 14. Nxb6 axb6 15. e4 Ng6 16. Be3 Nf6 17. Kh2 Ne8 18. h4 Ne7 19. f4 Nf6 20. Rae1 Ng4+ 21. Kg1 Nxe3 22. Rxe3 exf4 23. gxf4 Kh8 24. Bh3 Bxh3 25. Rxh3 f6 26. a3 Ng8 27. Nb5 Rf7 28. Re1 Re8 29. Nd4 Rd7 30. Ne6 Nh6 31. Rg3 f5 32. e5 Ng4 33. Nd4 dxe5 34. Nxf5 h5 35. Rxg4 hxg4 36. fxe5 g6 37. e6 Rh7 38. Nd4 Kg7 39. Nb5 Kf6 40. Rf1+ Ke5 41. Re1+ Kf6 42. Rf1+ Ke5 43. Re1+ Kf4 44. Nxc7 Rxc7 45. d6 Rh7 46. e7 Rxh4 47. Rf1+ Kg3 48. Rf8 1-0

[Event "Ruhrgebiet Regionalliga 1314"]
[Site "Ruhrgebiet"]
[Date "2014.03.02"]
[Round "7.8"]
[White "Pustelny Conrad, Dieter"]
[Black "Baar, Michael"]
[Result "1-0"]
[WhiteElo "1924"]
[BlackElo "1850"]
[PlyCount "113"]
[EventDate "2013.09.22"]
[EventType "team-tourn"]
[EventRounds "9"]
[EventCountry "GER"]
[SourceTitle "EXT 2024"]
[Source "ChessBase"]
[SourceDate "2023.10.10"]
[SourceVersion "1"]
[SourceVersionDate "2023.10.10"]
[SourceQuality "1"]
[WhiteTeam "Wattenscheid III"]
[BlackTeam "Buer"]
[WhiteTeamCountry "GER"]
[BlackTeamCountry "GER"]

1. c4 g6 2. Nc3 Bg7 3. g3 c5 4. Bg2 Nc6 5. e3 d6 6. Nge2 Nf6 7. d3 0-0 8. 0-0 Bg4 9. h3 Bd7 10. Rb1 Rb8 11. a3 Qc8 12. Kh2 a6 13. b4 cxb4 14. axb4 b5 15. cxb5 axb5 16. Qd2 Qc7 17. Nd5 Nxd5 18. Bxd5 e6 19. Bg2 Rfc8 20. Bb2 Bxb2 21. Qxb2 d5 22. Rfc1 Qd6 23. d4 Nd8 24. Nf4 Nb7 25. Bf1 f6 26. Nd3 Qe7 27. Ra1 Nd6 28. Ra7 Nc4 29. Qa2 Qd6 30. Nc5 Be8 31. Ra1 Rc6 32. Ra8 Rcb6 33. Qa7 Rxa8 34. Qxa8 Rb8 35. Qa7 Qb6 36. Qe7 Qd8 37. Qxe6+ Bf7 38. Qc6 Be8 39. Qa6 Qb6 40. Bg2 Bf7 41. Nd7 Qxa6 42. Rxa6 Rd8 43. Nxf6+ Kg7 44. Ng4 Re8 45. Ra7 Rf8 46. Bxd5 h5 47. Bxf7 Rxf7 48. Rxf7+ Kxf7 49. Ne5+ Kf6 50. Kg2 Nxe5 51. dxe5+ Kxe5 52. f4+ Ke4 53. g4 hxg4 54. hxg4 Kxe3 55. f5 gxf5 56. gxf5 Kd4 57. f6 1-0

[Event "NRW Verbandsliga Group2 1314"]
[Site "Nordrheinwestfalen"]
[Date "2013.12.15"]
[Round "5"]
[White "Pustelny Conrad, Dieter"]
[Black "Heisterkamp, Oliver"]
[Result "0-1"]
[WhiteElo "1924"]
[BlackElo "2006"]
[PlyCount "87"]
[EventDate "2013.09.08"]
[EventType "team-tourn"]
[EventRounds "9"]
[EventCountry "GER"]
[SourceTitle "EXT 2020"]
[Source "ChessBase"]
[SourceDate "2019.10.17"]
[SourceVersion "1"]
[SourceVersionDate "2019.10.17"]
[SourceQuality "1"]
[WhiteTeam "Wattenscheid SV IV"]
[BlackTeam "Osterfeld Schwarze Dame"]
[WhiteTeamCountry "GER"]
[BlackTeamCountry "GER"]

1. d4 g6 2. c4 Bg7 3. g3 a6 4. Bg2 d6 5. Nf3 Nf6 6. 0-0 0-0 7. Nc3 c6 8. Qc2 Qc7 9. Rd1 Nbd7 10. e4 e5 11. dxe5 dxe5 12. h3 Re8 13. Be3 Bf8 14. Rac1 a5 15. Bf1 Nc5 16. a3 Ne6 17. Na4 Nd7 18. Nc3 Be7 19. Rd2 Kg7 20. Rcd1 h6 21. Na4 Ndc5 22. Nxc5 Bxc5 23. Bxc5 Nxc5 24. b4 axb4 25. axb4 Nd7 26. c5 Nf6 27. Rd6 g5 28. Kg2 Qe7 29. Bc4 Ra3 30. Qb2 Ra8 31. Qb1 Bxh3+ 32. Kxh3 g4+ 33. Kg2 gxf3+ 34. Kxf3 Red8 35. Qb2 Rxd6 36. cxd6 Qd7 37. Qxe5 Qg4+ 38. Kg2 Qxd1 39. Qe7 Rf8 40. e5 Nd5 41. Qxb7 Ne3+ 42. fxe3 Qc2+ 43. Kf3 Qxc4 44. d7 0-1

[Event "NRW Verbandsliga Group2 1314"]
[Site "Nordrheinwestfalen"]
[Date "2013.11.03"]
[Round "3"]
[White "Wittmann, Rainer"]
[Black "Pustelny Conrad, Dieter"]
[Result "1-0"]
[WhiteElo "2011"]
[BlackElo "1924"]
[PlyCount "93"]
[EventDate "2013.09.08"]
[EventType "team-tourn"]
[EventRounds "9"]
[EventCountry "GER"]
[SourceTitle "EXT 2020"]
[Source "ChessBase"]
[SourceDate "2019.10.17"]
[SourceVersion "1"]
[SourceVersionDate "2019.10.17"]
[SourceQuality "1"]
[WhiteTeam "Dortmund SV"]
[BlackTeam "Wattenscheid SV IV"]
[WhiteTeamCountry "GER"]
[BlackTeamCountry "GER"]

1. e4 c5 2. Nf3 Nc6 3. d4 cxd4 4. Nxd4 Qb6 5. Nb3 e6 6. Bd3 a6 7. Nc3 Nf6 8. 0-0 d6 9. Kh1 Be7 10. f4 h5 11. Qe2 Qc7 12. a4 b6 13. Be3 Bb7 14. Nd4 h4 15. Nxc6 Qxc6 16. Bd4 Qc7 17. Rae1 Qc6 18. Rf3 Qc7 19. Rh3 e5 20. Be3 Bc8 21. f5 Bb7 22. Bg5 Nd7 23. Qg4 Bxg5 24. Qxg5 Nf6 25. Rxh4 Rxh4 26. Qxh4 Qc5 27. g4 d5 28. g5 Nxe4 29. Nxe4 dxe4 30. Bxe4 0-0-0 31. Bxb7+ Kxb7 32. Qe4+ Qd5 33. Kg2 f6 34. Kg3 Kc6 35. h4 Qxe4 36. Rxe4 Kd5 37. Rb4 Rd6 38. Kg4 Rc6 39. b3 a5 40. Rc4 Rxc4+ 41. bxc4+ Kxc4 42. gxf6 gxf6 43. h5 b5 44. h6 bxa4 45. h7 a3 46. h8Q a2 47. Qg8+ 1-0

[Event "NRW Verbandsliga Group2 1314"]
[Site "Nordrheinwestfalen"]
[Date "2013.10.13"]
[Round "2"]
[White "Pustelny Conrad, Dieter"]
[Black "Sohraby, Azizollah"]
[Result "0-1"]
[WhiteElo "1924"]
[BlackElo "1979"]
[PlyCount "72"]
[EventDate "2013.09.08"]
[EventType "team-tourn"]
[EventRounds "9"]
[EventCountry "GER"]
[SourceTitle "EXT 2020"]
[Source "ChessBase"]
[SourceDate "2019.10.17"]
[SourceVersion "1"]
[SourceVersionDate "2019.10.17"]
[SourceQuality "1"]
[WhiteTeam "Wattenscheid SV IV"]
[BlackTeam "Brackel SF II"]
[WhiteTeamCountry "GER"]
[BlackTeamCountry "GER"]

1. c4 e6 2. b3 b6 3. Bb2 Bb7 4. e3 Nf6 5. f4 g6 6. Nf3 Bg7 7. Be2 0-0 8. 0-0 d5 9. d4 Ne4 10. Qc2 Nd7 11. Nbd2 Ndf6 12. Nxe4 Nxe4 13. Rac1 Rc8 14. Rfd1 Qe7 15. Bd3 f5 16. Qe2 c6 17. Bc3 Rc7 18. Be1 Bf6 19. Rc2 Rfc8 20. Rdc1 c5 21. dxc5 Nxc5 22. Bb4 a5 23. Ba3 Ba6 24. Bxc5 Rxc5 25. cxd5 Bxd3 26. Qxd3 exd5 27. Rxc5 Rxc5 28. Rd1 Kg7 29. a3 Rc3 30. Qxd5 Qxe3+ 31. Kh1 Qxf4 32. Qb7+ Kh6 33. h4 Qe4 34. Qxb6 Re3 35. Qxf6 Rxb3 36. Kg1 Qe3+ 0-1

[Event "NRW Verbandsliga Group2 1314"]
[Site "Nordrheinwestfalen"]
[Date "2013.09.08"]
[Round "1.3"]
[White "Boehm, Ingo"]
[Black "Pustelny Conrad, Dieter"]
[Result "1/2-1/2"]
[WhiteElo "2048"]
[BlackElo "1924"]
[PlyCount "84"]
[EventDate "2013.09.08"]
[EventType "team-tourn"]
[EventRounds "9"]
[EventCountry "GER"]
[SourceTitle "EXT 2020"]
[Source "ChessBase"]
[SourceDate "2019.10.17"]
[SourceVersion "1"]
[SourceVersionDate "2019.10.17"]
[SourceQuality "1"]
[WhiteTeam "Bochum-Linden"]
[BlackTeam "Wattenscheid SV IV"]
[WhiteTeamCountry "GER"]
[BlackTeamCountry "GER"]

1. e4 c5 2. Nf3 Nc6 3. d4 cxd4 4. Nxd4 Qb6 5. Nb3 e6 6. Be2 a6 7. 0-0 Nf6 8. Be3 Qc7 9. N1d2 d5 10. Bf3 Bd6 11. h3 0-0 12. c4 dxe4 13. Nxe4 Nxe4 14. Bxe4 e5 15. c5 Be7 16. Qf3 Be6 17. Bd5 Bxd5 18. Qxd5 Rad8 19. Qc4 Rd7 20. Rad1 Rfd8 21. Rd2 Rxd2 22. Nxd2 Qd7 23. Rc1 Qd5 24. g3 f5 25. Kf1 Kf7 26. a3 g5 27. f3 Ke6 28. g4 Qxc4+ 29. Nxc4 Nd4 30. Nd2 Rc8 31. b4 b6 32. gxf5+ Nxf5 33. Bf2 bxc5 34. bxc5 Nd4 35. Bxd4 exd4 36. Ne4 Kd5 37. Ke2 Rc7 38. Kd3 h6 39. Rc4 Bxc5 40. Nxc5 Rxc5 41. Rxd4+ Ke5 42. Ra4 a5 1/2-1/2

[Event "Ruhrgebiet VK1 1213"]
[Site "Nordrheinwestfalen"]
[Date "2013.04.28"]
[Round "9.6"]
[White "Pustelny Conrad, Dieter"]
[Black "Huenemeyer, Dirk"]
[Result "0-1"]
[WhiteElo "1985"]
[BlackElo "1877"]
[PlyCount "74"]
[EventDate "2012.09.02"]
[EventType "team-tourn"]
[EventRounds "9"]
[EventCountry "GER"]
[SourceTitle "EXT 2020"]
[Source "ChessBase"]
[SourceDate "2019.10.17"]
[SourceVersion "1"]
[SourceVersionDate "2019.10.17"]
[SourceQuality "1"]
[WhiteTeam "Wattenscheid SV IV"]
[BlackTeam "Weisse Dame Borbeck II"]
[WhiteTeamCountry "GER"]
[BlackTeamCountry "GER"]

1. e4 e6 2. d4 d5 3. Nd2 Nf6 4. e5 Nfd7 5. Ne2 c5 6. f4 Nc6 7. Nf3 Qb6 8. c3 cxd4 9. cxd4 f6 10. Nc3 fxe5 11. fxe5 Be7 12. Bd3 0-0 13. 0-0 Ndxe5 14. Nxe5 Qxd4+ 15. Kh1 Rxf1+ 16. Qxf1 Nxe5 17. Bc2 Bd7 18. Qe2 Bd6 19. Bg5 Rf8 20. Rd1 Qg4 21. Qd2 Bc6 22. h3 Qh5 23. Re1 Qf7 24. Kg1 Nc4 25. Qe2 Bg3 26. Bxh7+ Kh8 27. Bc2 Bf2+ 28. Kh2 Bxe1 29. Qxe1 Qh5 30. h4 Qg4 31. Bd1 Qf5 32. Kh1 Qf1+ 33. Qxf1 Rxf1+ 34. Kh2 Nxb2 35. Bg4 d4 36. Be2 Rf2 37. Kg3 Rxg2+ 0-1

[Event "Ruhrgebiet VK1 1213"]
[Site "Nordrheinwestfalen"]
[Date "2013.02.03"]
[Round "6"]
[White "Winterberg, Andreas"]
[Black "Pustelny Conrad, Dieter"]
[Result "1-0"]
[WhiteElo "1802"]
[BlackElo "1985"]
[PlyCount "96"]
[EventDate "2012.09.02"]
[EventType "team-tourn"]
[EventRounds "9"]
[EventCountry "GER"]
[SourceTitle "EXT 2020"]
[Source "ChessBase"]
[SourceDate "2019.10.17"]
[SourceVersion "1"]
[SourceVersionDate "2019.10.17"]
[SourceQuality "1"]
[WhiteTeam "Waltrop SV"]
[BlackTeam "Wattenscheid SV IV"]
[WhiteTeamCountry "GER"]
[BlackTeamCountry "GER"]

1. e4 c5 2. d4 cxd4 3. c3 d3 4. Bxd3 d6 5. Nf3 g6 6. 0-0 Bg7 7. Re1 Nc6 8. Bf4 e5 9. Bg5 f6 10. Bd2 Be6 11. c4 Nge7 12. Nc3 0-0 13. Nd5 g5 14. h3 g4 15. hxg4 Bxg4 16. Be2 f5 17. Ng5 Bxe2 18. Qxe2 Nxd5 19. cxd5 Nd4 20. Qd3 Qd7 21. Bc3 Qe7 22. Nh3 fxe4 23. Rxe4 Nf5 24. Rg4 Kh8 25. Ng5 Bh6 26. Ne6 Rf7 27. f4 Rg8 28. Qh3 Rxg4 29. Qxg4 Qh4 30. Qxh4 Nxh4 31. fxe5 Be3+ 32. Kh1 dxe5 33. Bxe5+ Kg8 34. d6 Ng6 35. Bg3 Nf8 36. Nxf8 Kxf8 37. Rd1 Rd7 38. Rd5 Bc1 39. Be5 Be3 40. g4 Kf7 41. Bc3 Bb6 42. Bb4 Ke6 43. Rh5 Rg7 44. Rh6+ Kd5 45. g5 Bd4 46. b3 Bc5 47. Rh5 Ke6 48. g6 h6 1-0

[Event "Ruhrgebiet VK1 1213"]
[Site "Nordrheinwestfalen"]
[Date "2013.01.13"]
[Round "5"]
[White "Schreiber, Alfred"]
[Black "Pustelny Conrad, Dieter"]
[Result "0-1"]
[WhiteElo "1776"]
[BlackElo "1985"]
[PlyCount "67"]
[EventDate "2012.09.02"]
[EventType "team-tourn"]
[EventRounds "9"]
[EventCountry "GER"]
[SourceTitle "EXT 2020"]
[Source "ChessBase"]
[SourceDate "2019.10.17"]
[SourceVersion "1"]
[SourceVersionDate "2019.10.17"]
[SourceQuality "1"]
[WhiteTeam "Werne SK"]
[BlackTeam "Wattenscheid SV IV"]
[WhiteTeamCountry "GER"]
[BlackTeamCountry "GER"]

1. c4 e5 2. Nc3 Nf6 3. g3 Nc6 4. Bg2 Bc5 5. e3 d6 6. Nge2 0-0 7. 0-0 Qd7 8. h3 Qf5 9. d3 Qh5 10. Kh2 Ng4+ 11. Kg1 Nh6 12. Kh2 f5 13. d4 Bb6 14. Nd5 Ng4+ 15. Kg1 Nf6 16. Nec3 Qf7 17. Nxb6 axb6 18. Nd5 e4 19. Nxf6+ Qxf6 20. a3 Bd7 21. b4 Nxb4 22. Bd2 Nd3 23. f3 Qg6 24. Kh2 Ra4 25. fxe4 fxe4 26. Rxf8+ Kxf8 27. Qb3 Qe6 28. Rf1+ Kg8 29. d5 Qh6 30. h4 Qg6 31. Bb4 Qg4 32. Qc3 Nxb4 33. axb4 Ra2 34. Kh1 0-1

[Event "Dortmund Sparkassen op-A"]
[Site "Dortmund"]
[Date "2012.07.22"]
[Round "9"]
[White "Pustelny Conrad, Dieter"]
[Black "Boehm, Juergen1"]
[Result "0-1"]
[WhiteElo "2070"]
[BlackElo "2225"]
[PlyCount "74"]
[EventDate "2012.07.14"]
[EventType "swiss"]
[EventRounds "9"]
[EventCountry "GER"]
[SourceTitle "CBM 149 Extra"]
[Source "ChessBase"]
[SourceDate "2012.08.24"]
[SourceVersion "1"]
[SourceVersionDate "2012.08.24"]
[SourceQuality "1"]

1. e4 e6 2. d4 d5 3. Nd2 Nf6 4. e5 Nfd7 5. Bd3 c5 6. c3 Nc6 7. Ne2 cxd4 8. cxd4 f6 9. exf6 Nxf6 10. Nf3 Bd6 11. Nc3 0-0 12. Bg5 a6 13. 0-0 Qc7 14. Bh4 Nh5 15. Bg3 Nf4 16. Bxf4 Bxf4 17. Qc2 g6 18. a3 Qg7 19. Rad1 Bd6 20. Ne2 Rxf3 21. gxf3 Qh6 22. f4 Nxd4 23. Nxd4 Qxf4 24. f3 Qxd4+ 25. Kh1 Qf6 26. Rd2 Bd7 27. Rg2 Kf7 28. b4 Rc8 29. Qb1 Bb5 30. Bxb5 axb5 31. Qd3 Rc4 32. Qe3 Qd4 33. Qh6 Qh4 34. Qe3 Qh3 35. Qb6 Bxh2 36. Qxb7+ Kf6 37. Qb6 Bc7+ 0-1

[Event "Dortmund Sparkassen op-A"]
[Site "Dortmund"]
[Date "2012.07.21"]
[Round "8"]
[White "Schneidereit, Manfred"]
[Black "Pustelny Conrad, Dieter"]
[Result "0-1"]
[WhiteElo "1820"]
[BlackElo "2070"]
[PlyCount "78"]
[EventDate "2012.07.14"]
[EventType "swiss"]
[EventRounds "9"]
[EventCountry "GER"]
[SourceTitle "CBM 149 Extra"]
[Source "ChessBase"]
[SourceDate "2012.08.24"]
[SourceVersion "1"]
[SourceVersionDate "2012.08.24"]
[SourceQuality "1"]

1. e4 c5 2. c3 Nf6 3. d3 Nc6 4. Nf3 e5 5. Bg5 Be7 6. Be2 d5 7. Nbd2 0-0 8. 0-0 Be6 9. Bh4 Nd7 10. Bxe7 Qxe7 11. c4 dxc4 12. Nxc4 Bxc4 13. dxc4 Nf6 14. Qc2 Nb4 15. Qb1 Rfd8 16. a3 Nc6 17. Qc2 Nd4 18. Nxd4 Rxd4 19. f3 Nh5 20. Rfd1 Rad8 21. Rxd4 Rxd4 22. g3 g6 23. Rd1 Ng7 24. Rxd4 exd4 25. f4 Qd7 26. Kg2 a5 27. a4 b6 28. b3 Ne8 29. Qd3 Nc7 30. Qf3 Na6 31. Qg4 Qd8 32. Qf3 Nb4 33. Bd3 Qa8 34. Qe2 f5 35. Kf3 Kf7 36. h4 Nxd3 37. Qxd3 Qxe4+ 38. Qxe4 fxe4+ 39. Kxe4 Ke6 0-1

[Event "Dortmund Sparkassen op-A"]
[Site "Dortmund"]
[Date "2012.07.16"]
[Round "3"]
[White "Pustelny Conrad, Dieter"]
[Black "Zuse, Peter"]
[Result "0-1"]
[WhiteElo "2070"]
[BlackElo "2278"]
[PlyCount "52"]
[EventDate "2012.07.14"]
[EventType "swiss"]
[EventRounds "9"]
[EventCountry "GER"]
[SourceTitle "CBM 149 Extra"]
[Source "ChessBase"]
[SourceDate "2012.08.24"]
[SourceVersion "1"]
[SourceVersionDate "2012.08.24"]
[SourceQuality "1"]

1. e4 c5 2. Nf3 d6 3. d4 cxd4 4. Nxd4 Nf6 5. Nc3 a6 6. Bg5 e6 7. Qd2 Be7 8. 0-0-0 0-0 9. f3 b5 10. g4 b4 11. Nce2 Qa5 12. Kb1 Nxe4 13. fxe4 Bxg5 14. Qd3 Be7 15. h4 Bb7 16. Rg1 Nd7 17. Ng3 Bxh4 18. Nh5 Bg5 19. Nf5 exf5 20. gxf5 h6 21. Qxd6 Bxe4 22. Bc4 Qxf5 23. Qxd7 Bxc2+ 24. Ka1 Qxd7 25. Rxd7 a5 26. Rd6 Rfd8 0-1

[Event "Ruhrgebiet Verbandsliga2 1112"]
[Site "Nordrheinwestfalen"]
[Date "2012.03.25"]
[Round "8.5"]
[White "Pustelny Conrad, Dieter"]
[Black "Rolf, Jan Hendrik"]
[Result "0-1"]
[WhiteElo "1958"]
[BlackElo "1988"]
[PlyCount "82"]
[EventDate "2011.09.18"]
[EventType "team-tourn"]
[EventRounds "9"]
[EventCountry "GER"]
[SourceTitle "EXT 2020"]
[Source "ChessBase"]
[SourceDate "2019.10.17"]
[SourceVersion "1"]
[SourceVersionDate "2019.10.17"]
[SourceQuality "1"]
[WhiteTeam "Wattenscheid SV IV"]
[BlackTeam "Recklinghausen Laeufer Ost"]
[WhiteTeamCountry "GER"]
[BlackTeamCountry "GER"]

1. e4 e6 2. d4 d5 3. Nd2 Nf6 4. e5 Nfd7 5. Bd3 c5 6. c3 Nc6 7. Ne2 Qb6 8. Nf3 Be7 9. 0-0 f6 10. exf6 Nxf6 11. a3 a5 12. a4 0-0 13. Rb1 Bd6 14. Bg5 e5 15. dxe5 Nxe5 16. Nxe5 Bxe5 17. Bb5 Be6 18. Nf4 Bxf4 19. Bxf4 Rad8 20. Qe2 Bd7 21. Bxd7 Rxd7 22. Qc2 d4 23. Rbd1 Rfd8 24. cxd4 cxd4 25. Rd3 Qe6 26. Bg5 h6 27. Bxf6 Qxf6 28. Rfd1 Qe6 29. Qb3 Re8 30. g3 Qxb3 31. Rxb3 Re2 32. Rdd3 Rf7 33. f4 Rc7 34. Rd1 Rcc2 35. Rbd3 Rg2+ 36. Kh1 Rxh2+ 37. Kg1 Rhg2+ 38. Kh1 Rxb2 39. Rxd4 Rxg3 40. f5 Rg5 41. Rd5 Rb4 0-1

[Event "Ruhrgebiet Verbandsliga2 1112"]
[Site "Nordrheinwestfalen"]
[Date "2012.03.04"]
[Round "7.6"]
[White "Pustelny Conrad, Dieter"]
[Black "Mackowiak, Sascha"]
[Result "1-0"]
[WhiteElo "1958"]
[BlackElo "1854"]
[PlyCount "65"]
[EventDate "2011.09.18"]
[EventType "team-tourn"]
[EventRounds "9"]
[EventCountry "GER"]
[SourceTitle "EXT 2020"]
[Source "ChessBase"]
[SourceDate "2019.10.17"]
[SourceVersion "1"]
[SourceVersionDate "2019.10.17"]
[SourceQuality "1"]
[WhiteTeam "Wattenscheid SV IV"]
[BlackTeam "Bochum SV II"]
[WhiteTeamCountry "GER"]
[BlackTeamCountry "GER"]

1. e4 e6 2. d4 d5 3. Nd2 Nf6 4. e5 Nfd7 5. Bd3 c5 6. c3 Nc6 7. Ne2 cxd4 8. cxd4 Qb6 9. Nf3 f6 10. exf6 Nxf6 11. 0-0 Bd6 12. a3 0-0 13. b4 e5 14. dxe5 Nxe5 15. Nxe5 Bxe5 16. Be3 Qd8 17. Bd4 Bxh2+ 18. Kxh2 Ng4+ 19. Kg3 h5 20. f4 h4+ 21. Kf3 Nh2+ 22. Kf2 Nxf1 23. Qxf1 Bg4 24. Kg1 g5 25. f5 Qe8 26. Qc1 Qh5 27. Qc7 Rf7 28. Qe5 Raf8 29. Rf1 h3 30. Rf2 hxg2 31. Rxg2 Bxf5 32. Bxf5 Qh4 33. Ng3 1-0

[Event "Ruhrgebiet Verbandsliga2 1112"]
[Site "Nordrheinwestfalen"]
[Date "2012.02.12"]
[Round "6.5"]
[White "Pustelny Conrad, Dieter"]
[Black "Rohovoy, Dimitrij"]
[Result "0-1"]
[WhiteElo "1958"]
[BlackElo "1869"]
[PlyCount "128"]
[EventDate "2011.09.18"]
[EventType "team-tourn"]
[EventRounds "9"]
[EventCountry "GER"]
[SourceTitle "EXT 2020"]
[Source "ChessBase"]
[SourceDate "2019.10.17"]
[SourceVersion "1"]
[SourceVersionDate "2019.10.17"]
[SourceQuality "1"]
[WhiteTeam "Wattenscheid SV IV"]
[BlackTeam "Recklinghausen Altstadt"]
[WhiteTeamCountry "GER"]
[BlackTeamCountry "GER"]

1. e4 c5 2. Nf3 Nc6 3. d4 cxd4 4. Nxd4 Nf6 5. Nc3 d6 6. Bg5 e6 7. Qd2 Be7 8. 0-0-0 0-0 9. f3 a6 10. g4 Nxd4 11. Qxd4 Qa5 12. Be3 b5 13. Kb1 b4 14. Ne2 e5 15. Qb6 Qxb6 16. Bxb6 Ne8 17. Ng3 Rb8 18. Be3 Nc7 19. Nf5 Bxf5 20. gxf5 Nb5 21. Bc4 Rfd8 22. Rd5 Rdc8 23. Bb3 Nc7 24. Rd2 a5 25. Rg1 Ne8 26. Rdg2 Bf6 27. Ba4 Kf8 28. Rd1 Rd8 29. Rgd2 Be7 30. Rd5 Ra8 31. Bc6 Rac8 32. Bxe8 Kxe8 33. Rxa5 Rc6 34. Kc1 Rdc8 35. Rd2 Rc4 36. Re2 g6 37. fxg6 hxg6 38. Ra7 f5 39. exf5 gxf5 40. Rg2 R8c7 41. Rxc7 Rxc7 42. Rg8+ Kf7 43. Rb8 Rc4 44. Rb7 Ke6 45. b3 Rc3 46. Bd2 Rxf3 47. Bxb4 e4 48. a4 Bf6 49. c3 Bxc3 50. a5 Bxb4 51. Rxb4 Rc3+ 52. Kb2 Rh3 53. a6 Rxh2+ 54. Kc1 Rh8 55. Rb7 f4 56. a7 Ra8 57. b4 e3 58. Kd1 f3 59. Rh7 Kd5 60. Rf7 Ke4 61. b5 Kd3 62. b6 f2 63. Rf3 Rf8 64. b7 f1Q+ 0-1